CHP Genel Başkanı Deniz Baykal'ın Kadın Kurultayı konuşması (Record no. 7729)

MARC details
000 -BAŞLIK
Sabit Uzunlukta Kontrol Alanı 01230na a2200337 4500
001 - KONTROL NUMARASI
Denetim Alanı 18338
003 - KONTROL NUMARASI IDENTIFIER
Denetim Alanı MIRAKIL
005 - SON İŞLEM TARİHİ VE ZAMANI
Denetim Alanı 20181213155147.0
008 - SABİT-BOY VERİ ELEMANLARI - GENEL BİLGİLER
Sabit Uzunlukta Kontrol Alanı 170126b tu 000 0
035 ## - SİSTEM KONTROL NUMARASI
Sistem Kontrol Numarası 18338
040 ## - KATALOGLAMA KAYNAK
Orijinal Kataloglama Ajansı Milas
Kataloglama Dili tur
Metne Dönüştürmek Ajansı TR-AnCHP
041 ## - DİL KODU
Metin / Ses Parça Veya Ayrı Başlığın Dil Kodu tur
082 ## - DEWEY ONLU SINIFLANDIRMA NUMARASI
Sınıflandırma Numarası CHP 305.4
Ürün Numarası B29k 1996
090 ## - SINIFLAMA NUMARASI
Sınıflama Numarası CHP 305.4 B29k 1996
100 ## - ANA GİRİŞ - KİŞİSEL İSİM
Kişisel Ad Baykal, Deniz
Bir Adıyla İlişkilendirilen Başlıklar Ve Kelimeler CHP Genel Başkanı
222 ## - ANAHTAR ADI
Anahtar Başlık Kadın kurultayı konuşması
245 ## - BAŞLIK TABLOSU
Başlık CHP Genel Başkanı Deniz Baykal'ın Kadın Kurultayı konuşması
Başlığın Kalan 22 Aralık 1996
Sorumluluk Tablosu, Vb [Deniz Baykal]
246 ## - UNVAN FORM VARYING
Başlık Doğru / Kısa Başlığı CHP kadın kurultayı
260 ## - YAYIN, DAĞITIM, VB
Yayın, Dağıtım, Vb Yeri Ankara
Yayıncı, Dağıtıcı, Vs Adı CHP
Yayın, Dağıtım, Vb Tarihi 1996
300 ## - FİZİKSEL TANIM
Kapsam 46 s.
Boyutlar 20 sm.
490 ## - SERİSİ TABLOSU
Seri Beyanı Cumhuriyet Halk Partisi yayınları
500 ## - GENEL NOT
Genel Not Yapı adı başında : CHP: Modern Türkiye'de değişimin gücü
600 ## - KONU KATMA GİRİŞ - KURUMSAL ADI
Kişisel Ad Baykal, Deniz
Başlıklar Ve Bir Adla İlişkili Diğer Kelimeler CHP Genel Başkanı
Genel Alt Bölümü Konuşmalar, 1996
Kronolojik Alt Bölümü Kurultay, Kadın
610 ## - KONU KATMA GİRİŞ - TOPLANTI ADI
Giriş Elemanı Olarak Kurumsal Ad Veya Yargı Alanı Adı CHP
Genel Alt Bölüm Kadın sorunu
Kronolojik Alt Bölüm Çözüm önerileri
610 ## - KONU KATMA GİRİŞ - TOPLANTI ADI
Giriş Elemanı Olarak Kurumsal Ad Veya Yargı Alanı Adı Cumhuriyet Halk Partisi (CHP)
Alt Birim Kadın Kolları
Genel Alt Bölüm Kurultaylar, 1996
650 ## - KONU KATMA GİRİŞ - TOPİKAL DÖNEM
Topikal Süreli Veya Coğrafi Ad Giriş Elemanı Kadınlar
Genel Alt Bölümü Siyasal etkinlik
Coğrafi Alt Bölümü Türkiye
711 ## - KATMA GİRİŞ - TOPLANTI ADI
Giriş Elemanı Olarak Toplantı Adı Veya Yargı Alanı Adı CHP Kadın Kolları Kurultayı
Toplantının Yeri Ankara
Toplantı Veya Antlaşma İmzalandığı Tarihi 22 Aralık 1996
740 ## - KATMA GİRİŞ - KONTROLSUZ İLGİLİ / ANALİTİK BAŞLIK
Kontrol Edilmeyen / İlgili Analitik Başlıktaki CHP Kadın Kolları Kurultayı
830 ## - SERİSİ EKLENDİ GİRİŞ - ÜNİFORM ADI
Üniforma Başlık CHP yayınları
942 ## - EKLENDİ GİRİŞ ELEMANLARI (KOHA)
Sınıflandırma Veya Raf Düzeni Kaynak
Koha Öğesi Türü Books
999 ## - SİSTEM KONTROL NUMARALARI (KOHA)
Koha Biblionumber 7729
Koha Biblioitemnumber 7729
Holdings
Kalıcı Konum Mevcut Konum Edinme Tarihi Edinim Kaynak Toplam Check-Out'Lar Tam Çağrı Numarası Barkod Tarih Son Görülme İtibaren Geçerli Fiyatlar Koha Öğesi Türü
CHP Kütüphanesi CHP Kütüphanesi 11/16/2016 Bağış   CHP 305.4 B29k 1996 010015 11/16/2016 11/16/2016 Books